000 00888nam a2200229 i 4500
001 161381
003 ES-MaACL
005 20260204113628.0
008 990701q1902 sp |||| | spa d
100 1 _aPardo Bazán, Emilia,
_cCondesa de,
_d1851-1921
_9176434
245 1 0 _aDe siglo a siglo
_b: 1896-1901 /
_cEmilia Pardo Bazán.
260 _aMadrid :
_b[s.n.,
_c1902] (
_fEstab. Tip. de Idamor Moreno)
300 _a272 p. ;
_c19 cm.
490 1 _aObras completas de Emilia Pardo Bazán ;
_v24
530 _aDisponible en formato digital.
752 _aEspaña -
_dMadrid
830 0 _aObras completas de Emilia Pardo Bazán ;
_v24
_9176456
852 _aES-MaACL
_jB-4103
_z Encuadernación holandesa, conservando cubierta original
_cSPB
856 4 _uhttp://bdh-rd.bne.es/viewer.vm?id=0000247055&page=1
_yBiblioteca Digital Hispánica
942 _2udc
999 _c161381
_d161381